000
00296nam a22001337a 4500
008
170322b xxu||||| |||| 00| 0 eng d
020
_a
9780721664026
041
_a
eng
080
_a
616.12-008-073
100
_a
7
101
_a
SHM
245
_a
PRIMARY CARDIOLOGY
_c
GOLDMAN.L
942
_2
udc
_c
BK
999
_c
8337
_d
8337